000 00300nam a22001337a 4500
008 170527b xxu||||| |||| 00| 0 eng d
020 _a9780135882863
041 _aeng
080 _a621
100 _a25
101 _aIM
245 _aMODEL REFERENCE ADAPTIVE VONTROL
_cBUTLER, H
942 _2udc
_cBK
999 _c14643
_d14643